|
|
|
|
| LEADER |
00779nab a2200217 i 4500 |
| 001 |
misc64182 |
| 005 |
20230502100406.0 |
| 008 |
230118s1935 hu o 0|| tur d |
| 040 |
|
|
|a SZTE Miscellanea Repozitórium
|b hun
|
| 041 |
|
|
|a tur
|
| 100 |
1 |
|
|a Özdem Ragip
|
| 245 |
1 |
0 |
|a Dil mükemmelliği ve dil mükemmelleştirme görünceleri II.
|h [elektronikus dokumentum] /
|c Özdem Ragip
|
| 260 |
|
|
|a Burhaneddin Matbaası
|b İstanbul
|c 1935
|
| 300 |
|
|
|a [30] p.
|
| 490 |
0 |
|
|a Dil mükemmelliği ve dil mükemmelleştirme görünceleri
|
| 561 |
|
|
|a Németh Gyula hagyaték
|
| 591 |
|
|
|a NOA 4475
|
| 650 |
|
4 |
|a Bölcsészettudományok
|
| 650 |
|
4 |
|a Nyelvek és irodalom
|
| 695 |
|
|
|a Nyelvfilozófia
|
| 856 |
4 |
0 |
|u http://misc.bibl.u-szeged.hu/64182/1/4475_noa.pdf
|z Dokumentum-elérés
|